zpět

Detail výsledku týmu

Tenis klub, Pardubice

Datum a čas kvízu

33 Celkem bodů Celkový počet nahraných bodů na tomto kvízu bez doplňovacích otázek.
4. Pořadí na kvízu Konečné umístění týmu na tomto kvízu.

Zaznamenané odpovědi

# Otázka Odpověď Body Výsledky
1. Andrej Babiš byl dle očekávání... jeden 1
2. Po skandálu s udělením milosti... Maďarsko 1
3. Angličan Paul Gibbons tvrdí, ž... tank 0
4. Firma Google minulý týden přej... Gemini 1
5. Jako soupeři české reprezentac... Gruzie 0
6. Vítězné téma facebookového hla... 1B 2A 3C 4D 1
7. Dne 18. dubna 1997 byli odsouz... Orličtí vrazi 1
8. Devadesátkovou klasikou je fil... Fuck Off Guys Good Day 0
9. Kolik tlačítek má na své předn... tři 1
10. Ke kterému městu se v souvislo... Vsetín 1